|
|
|
|
| LEADER |
00000ny a22000003n 4500 |
| 005 |
20110602144534.0 |
| 008 |
080508t1999 sp s 000 0 spa c |
| 020 |
|
|
|a 849772044X
|
| 035 |
|
|
|a 211
|
| 040 |
|
|
|a UMA.RE
|d vLex
|
| 080 |
|
|
|a 336.7(460)(0.034)
|
| 090 |
|
|
|c 435
|d 435
|
| 100 |
1 |
|
|a Pampilln̤ Fernǹdez, Fernando
|
| 245 |
1 |
0 |
|a Ejercicio de sistema financiero espaǫl
|h [Recurso electrn̤ico]
|c Fernando Pampilln̤ Fernǹdez
|
| 256 |
|
|
|a Servicio en ln̕ea
|
| 260 |
|
|
|a Madrid :
|b Dykinson,
|c 2001
|
| 650 |
0 |
7 |
|2 Tesauro vLex
|a Tributario
|
| 650 |
0 |
7 |
|2 Tesauro vLex
|a Actividad financiera
|
| 740 |
0 |
|
|a vLex Libros (Servicios en ln̕ea)
|
| 856 |
4 |
0 |
|z Acceso restringido
|u http://vlex.com/source/ejercicio-sistema-financiero-espa-ol-211
|
| 942 |
|
|
|c BOOK
|
| 999 |
0 |
|
|a Taxation--Law and legislation
|b Madrid
|